000 00861nam a2200241 a 4500
005 20090912121837.0
008 080424s2008 nyua j 000 1 eng
010 _aB-358087
020 _a9788126417957
_c60.00
035 _aB-358087
037 _bDBAD / PUB
040 _adpl
_bEnglish
082 _aS
100 _aNair, Anita
245 _aIndian tales the ghost in the forest /
_cby Anita Nair; illustrated by V.S. Madhu
260 _aKerala
_bDC Books
_c2008
270 _aDC Kizhakemuri Edam, Good Shepherd Street, Kottayam
_b686001
300 _a29p.:
_bcol. ill. ;
_c22cm(pbk)
650 _aChildren's stories, English
700 _aMadhu, V.S.
942 _2ddc
_cCH
_hS
_mNAI
999 _c30322
_d30322